| 000 | 00889nam a2200265 a 4500 | ||
|---|---|---|---|
| 001 | 000007188 | ||
| 003 | DO-SdBNP | ||
| 005 | 20230222114708.0 | ||
| 007 | ta | ||
| 008 | 090907s1986 dr 001 0 spa d | ||
| 040 |
_aDO-SdBNP _bspa _cBNPHU |
||
| 082 | 4 |
_a972.9373 _bO77t _222 |
|
| 100 | 1 |
_aOrtiz, Rosanna _919955 |
|
| 245 | 1 | 0 |
_aTradiciones banilejas y algo más / _cRosanna Ortiz. |
| 260 |
_aSanto Domingo : _bMontalvo, _c1986. |
||
| 300 |
_a114 p. ; _c21 cm. |
||
| 500 | _aIncluye datos biográficos de la autora en las solapas | ||
| 504 | _aBibliografía : p. 114. | ||
| 590 | _aInventariado, 2023/BT | ||
| 650 | 4 |
_aCiudades y pueblos _zRepública Dominicana _9784 |
|
| 651 | 4 |
_aBaní (República Dominicana) _xHistoria local _96339 |
|
| 651 | 4 |
_aBaní (República Dominicana) _xVida social y costumbres _98310 |
|
| 910 | _aValidado. Control de calidad EMS. | ||
| 942 |
_2ddc _cLBS1 |
||
| 999 |
_c6969 _d6969 |
||